[Event "The Blackthorne Irish Championship 2019"]
[Site "Talbot Stillorgan Hotel, Dublin, Ireland"]
[Date "2019.08.11"]
[Round "9"]
[Board "9"]
[White "Haque, Muhtarim-Ul"]
[Black "O'Connor, Jonathan"]
[Result "1-0"]
[WhiteElo "2036"]
[BlackElo "2165"]
[PlyCount "0"]
[EventDate "2019.08.03"]
[EventRounds "9"]
[EventCountry "IRL"]

1. d4 {[%clk 01:45:51]} {[%emt 00:00:48]} Nf6 {[%clk 01:45:46]} 2. Nf3 {[%clk
01:46:02]} d5 {[%clk 01:45:42]} 3. c4 {[%clk 01:46:24]} e6 {[%clk 01:46:07]} 4.
Nc3 {[%clk 01:46:41]} dxc4 {[%clk 01:46:03]} 5. e3 {[%clk 01:46:35]} a6 {[%clk
01:45:28]} 6. a4 {[%clk 01:45:30]} b6 {[%clk 01:40:37]} 7. Bxc4 {[%clk
01:45:00]} Bb7 {[%clk 01:41:01]} 8. O-O {[%clk 01:43:51]} Bb4 {[%clk 01:37:43]}
9. Qe2 {[%clk 01:41:59]} c5 {[%clk 01:26:58]} 10. Ne5 {[%clk 01:32:44]} O-O
{[%clk 01:14:43]} 11. Rd1 {[%clk 01:19:04]} Qc8 {[%clk 01:09:41]} 12. Bd3
{[%clk 01:09:31]} Nc6 {[%clk 01:02:35]} 13. Ng4 {[%clk 00:57:33]} Nxg4 {[%clk
00:59:17]} 14. Qxg4 {[%clk 00:57:45]} f5 {[%clk 00:59:10]} 15. Qf4 {[%clk
00:50:26]} Rf6 {[%clk 00:53:52]} 16. Be2 {[%clk 00:42:37]} cxd4 {[%clk
00:30:11]} {[%emt 00:23:21]} 17. exd4 {[%clk 00:42:13]} {[%emt 00:00:54]} Ne7
{[%clk 00:30:19]} {[%emt 00:00:22]} 18. Bf3 {[%clk 00:33:56]} {[%emt 00:08:47]}
Bxc3 {[%clk 00:28:32]} {[%emt 00:02:17]} 19. Bxb7 {[%clk 00:33:54]} {[%emt
00:00:32]} Qxb7 {[%clk 00:28:56]} {[%emt 00:00:06]} 20. bxc3 {[%clk 00:34:12]}
{[%emt 00:00:12]} Rc8 {[%clk 00:29:03]} {[%emt 00:00:23]} 21. Rd3 {[%clk
00:28:44]} {[%emt 00:05:58]} Nd5 {[%clk 00:28:46]} {[%emt 00:00:47]} 22. Qf3
{[%clk 00:28:39]} {[%emt 00:00:35]} Rc4 {[%clk 00:28:47]} {[%emt 00:00:29]} 23.
Bd2 {[%clk 00:26:21]} {[%emt 00:02:48]} a5 {[%clk 00:28:48]} {[%emt 00:00:29]}
24. Qh5 {[%clk 00:24:20]} {[%emt 00:02:30]} Rg6 {[%clk 00:28:54]} {[%emt
00:00:25]} 25. Rg3 {[%clk 00:21:18]} {[%emt 00:03:31]} Nf6 {[%clk 00:26:53]}
{[%emt 00:02:31]} 26. Qe2 {[%clk 00:20:24]} {[%emt 00:01:24]} Qc6 {[%clk
00:26:53]} {[%emt 00:00:31]} 27. Rxg6 {[%clk 00:20:16]} {[%emt 00:00:38]} hxg6
{[%clk 00:27:17]} {[%emt 00:00:05]} 28. f3 {[%clk 00:20:24]} {[%emt 00:00:22]}
Nd5 {[%clk 00:27:20]} {[%emt 00:00:27]} 29. Re1 {[%clk 00:18:16]} {[%emt
00:02:39]} Kf7 {[%clk 00:25:39]} {[%emt 00:02:10]} 30. h4 {[%clk 00:18:08]}
{[%emt 00:00:39]} Rxa4 {[%clk 00:25:52]} {[%emt 00:00:18]} 31. g4 {[%clk
00:17:24]} {[%emt 00:01:13]} Rc4 {[%clk 00:20:54]} {[%emt 00:05:28]} 32. h5
{[%clk 00:16:16]} {[%emt 00:01:38]} gxh5 {[%clk 00:20:12]} {[%emt 00:01:13]} 33.
gxh5 {[%clk 00:15:37]} {[%emt 00:01:08]} Nf6 {[%clk 00:15:57]} {[%emt
00:04:44]} 34. h6 {[%clk 00:13:30]} {[%emt 00:02:37]} gxh6 {[%clk 00:15:42]}
{[%emt 00:00:45]} 35. Qe3 {[%clk 00:07:55]} {[%emt 00:06:05]} Qd6 {[%clk
00:14:01]} {[%emt 00:02:12]} 36. Re2 {[%clk 00:08:07]} {[%emt 00:00:17]} Rc8
{[%clk 00:11:06]} {[%emt 00:03:26]} 37. Qxh6 {[%clk 00:07:39]} {[%emt
00:00:58]} Rg8+ {[%clk 00:11:21]} {[%emt 00:00:14]} 38. Bg5 {[%clk 00:07:46]}
{[%emt 00:00:24]} Qg3+ {[%clk 00:07:40]} {[%emt 00:04:11]} 39. Rg2 {[%clk
00:08:08]} {[%emt 00:00:07]} Qe1+ {[%clk 00:08:06]} {[%emt 00:00:05]} 40. Kh2
{[%clk 00:08:27]} {[%emt 00:00:11]} Rg6 {[%clk 00:08:32]} {[%emt 00:00:04]} 41.
Qxg6+ {[%clk 00:08:32]} {[%emt 00:00:25]} Kxg6 {[%clk 00:08:05]} {[%emt
00:00:57]} 42. Bd2+ {[%clk 00:08:46]} {[%emt 00:00:16]} Ng4+ {[%clk 00:08:20]}
{[%emt 00:00:15]} 43. Rxg4+ {[%clk 00:09:10]} {[%emt 00:00:06]} fxg4 {[%clk
00:08:42]} {[%emt 00:00:08]} 44. Bxe1 {[%clk 00:09:30]} {[%emt 00:00:09]} Kf5
{[%clk 00:06:38]} {[%emt 00:02:35]} 45. Kg3 {[%clk 00:09:11]} {[%emt 00:00:50]}
gxf3 {[%clk 00:07:01]} {[%emt 00:00:07]} 46. Kxf3 {[%clk 00:09:34]} {[%emt
00:00:06]} e5 {[%clk 00:06:29]} {[%emt 00:01:03]} 47. Ke3 {[%clk 00:08:25]}
{[%emt 00:01:39]} b5 {[%clk 00:06:38]} {[%emt 00:00:21]} 48. Bg3 {[%clk
00:02:59]} {[%emt 00:05:55]} a4 {[%clk 00:06:03]} {[%emt 00:01:05]} 49. Kd3
{[%clk 00:01:35]} {[%emt 00:01:55]} e4+ {[%clk 00:05:25]} {[%emt 00:01:09]} 50.
Kc2 {[%clk 00:01:18]} {[%emt 00:00:47]} Ke6 {[%clk 00:03:50]} {[%emt 00:02:04]}
51. Bf4 {[%clk 00:29:15]} {[%emt 00:02:33]} Kd5 {[%clk 00:33:13]} {[%emt
00:01:07]} 52. Bc1 {[%clk 00:29:00]} {[%emt 00:00:45]} b4 {[%clk 00:32:43]}
{[%emt 00:01:00]} 53. cxb4 {[%clk 00:27:07]} {[%emt 00:02:22]} Kxd4 {[%clk
00:33:02]} {[%emt 00:00:11]} 54. Kb2 {[%clk 00:27:18]} {[%emt 00:00:20]} Kc4
{[%clk 00:31:16]} {[%emt 00:02:15]} 55. Ka3 {[%clk 00:27:39]} {[%emt 00:00:09]}
Kb5 {[%clk 00:31:28]} {[%emt 00:00:18]} 56. Be3 {[%clk 00:27:57]} {[%emt
00:00:12]}  1-0